Strategic Management of Information Systems
Na minha lista:
| Autor principal: | |
|---|---|
| Formato: | Capítulo de Livro |
| Idioma: | inglês |
| Assuntos: | |
| Tags: |
Sem tags, seja o primeiro a adicionar uma tag!
|
MARC
| LEADER | 00000naa$a2200000$$$4500 | ||
|---|---|---|---|
| 001 | 0174389 | ||
| 005 | 20240605064157.4 | ||
| 041 | 0 | |a eng | |
| 044 | |a SK | ||
| 245 | 1 | 0 | |a Strategic Management of Information Systems |c Michaela Bruothová |
| 610 | 2 | 0 | |a riadenie strategické |
| 610 | 2 | 0 | |a systémy informačné manažérske |
| 610 | 2 | 0 | |a technológie informačné |
| 610 | 2 | 0 | |a technológie komunikačné |
| 100 | 1 | |a Bruothová, Michaela, 1979- | |